Rebecca Horn / (Record no. 974)

MARC details
000 -LEADER
campo de control de longitud fija 01631nam a22002537a 4500
008 - DATOS DE LONGITUD FIJA--INFORMACIÓN GENERAL
campo de control de longitud fija 160704s2000 gw||||| |||| 00| 0 spa d
082 ## - NÚMERO DE LA CLASIFICACIÓN DECIMAL DEWEY
Número de clasificación 709.2
Número de ítem H813r
245 10 - MENCIÓN DEL TÍTULO
Título Rebecca Horn /
Mención de responsabilidad, etc. Rebecca Horn ; comisario Centro Galego de Arte Contemporánea Miguel Fernández-Cid ; textos por Carl Haenlein, Sergio Edelsztein, Martin Mosebach y doris von Drathen.
250 ## - MENCION DE EDICION
Mención de edición 1a ed.
260 ## - PUBLICACIÓN, DISTRIBUCIÓN, ETC.
Lugar de publicación, distribución, etc. Alemania :
Nombre del editor, distribuidor, etc. Institut für Auslandsbeziehungen ; Centro Galego de Arte Contemporánea,
Fecha de publicación, distribución, etc. 2000.
300 ## - DESCRIPCIÓN FÍSICA
Extensión 197 p.
Otras características físicas il. col.
500 ## - NOTA GENERAL
Nota general Catálogo editado con motivo de a exposición de Rebecca horn en el Centro Galego de Arte Contemporánea, del 9 de junio al 10 de setiembre del 2000.
505 0# - NOTA DE CONTENIDO CON FORMATO
Título Prefacio
Mención de responsabilidad Ursula Zeller.
Título Rebecca Horn en el CGAC
Mención de responsabilidad Miguel Fernández-Cid.
Título Time goes by (el tiempo pasa)
Mención de responsabilidad Carl Haenlein.
Título Envoltorio de plumas-Camisa de fuerza desgarrada, Juegos de rol para cuerpos animados e inanimados
Mención de responsabilidad Sergio Edelsztein.
Título Del objeto en movimiento a la imagen en movimiento, Rebecca Horn y el cine
Mención de responsabilidad Martin Mosebach.
Título En el punto cero de las turbulencias, Informe de un viaje
Mención de responsabilidad Doris von Drathen.
Título Objetos expuestos en la exposición del IFA.
-- Biografía.
-- Exposiciones individuales.
-- Filmografía.
-- Monografías.
653 10 - TÉRMINO DE INDIZACIÓN--NO CONTROLADO
Término no controlado Arte contemporáneo
653 10 - TÉRMINO DE INDIZACIÓN--NO CONTROLADO
Término no controlado Arte - biografía
653 10 - TÉRMINO DE INDIZACIÓN--NO CONTROLADO
Término no controlado Artistas alemanes
653 10 - TÉRMINO DE INDIZACIÓN--NO CONTROLADO
Término no controlado Arte - Alemania
700 1# - ENTRADA AGREGADA--NOMBRE PERSONAL
Nombre de persona Fernández-Cid, Miguel.
Término indicativo de función/relación comisario.
9 (RLIN) 5290
700 1# - ENTRADA AGREGADA--NOMBRE PERSONAL
Nombre de persona Haenlein, Carl.
9 (RLIN) 5291
700 1# - ENTRADA AGREGADA--NOMBRE PERSONAL
Nombre de persona Edelsztein, Sergio.
9 (RLIN) 5160
700 1# - ENTRADA AGREGADA--NOMBRE PERSONAL
Nombre de persona Mosebach, Martin.
9 (RLIN) 5292
700 1# - ENTRADA AGREGADA--NOMBRE PERSONAL
Nombre de persona Drathen, Doris von.
9 (RLIN) 5293
710 1# - ENTRADA AGREGADA--NOMBRE DE ENTIDAD CORPORATIVA
Nombre de entidad corporativa o nombre de jurisdicción como elemento de entrada Centro Galego de Arte Contemporánea.
9 (RLIN) 4254
Holdings
Estatus retirado Estado de pérdida Fuente del sistema de clasificación o colocación Estado de daño No para préstamo Biblioteca de origen Biblioteca actual Ubicación en estantería Fecha de adquisición Total de préstamos Signatura topográfica completa Código de barras Visto por última vez Precio de reemplazo Tipo de ítem Koha
    Clasificación Decimal Dewey     Biblioteca LadoV Biblioteca LadoV   04/07/2016   709.2 H813r 000844 04/07/2016 04/07/2016 Material 01